Analisis de la situacion de la industria quimica en Costa Rica de cara a la globalizacion economica

Spremljeno u:
Bibliografski detalji
Glavni autor: Ramírez Brenes, Carlos Luis
Format: Knjiga
Izdano: San José, C.R 1998
Teme:
Oznake: Dodaj oznaku
Bez oznaka, Budi prvi tko označuje ovaj zapis!

MARC

LEADER 00000nam a2200000Ia 4500
001 3866
003 008503
005 20221231144223.0
008 140114s1998 cr a m 000 ||s d
040 |c cru CEDI 
100 |a Ramírez Brenes, Carlos Luis  |9 9031 
245 |a Analisis de la situacion de la industria quimica en Costa Rica de cara a la globalizacion economica 
260 |c 1998  |a  San José, C.R 
300 |a  [105] hojas : ilustraciones  
500 |a  Proyecto de graduación (licenciatura en ingeniería química)--Universidad de Costa Rica. Facultad de Ingeniería. Escuela de Ingeniería Química 
650 |x INDUSTRIAS QUIMICAS - COSTA RICA   |x GLOBALIZACION  |9 9032 
942 |c TFG  |2 ddc 
999 |c 18641  |d 18641